000 01034cam a2200313 a 4500
999 _c24379
_d24379
001 3925466
003 OSt
005 20170128115705.0
008 921119s1993 paua b 001 0 eng c
010 _a 92048190
020 _a072164483X
040 _aDNLM/DLC
_cDLC
_dDLC
050 1 0 _aRT73
_b.M396 1993
060 _aWY 18 M528r
082 0 0 _a610.73/07
_220
100 1 _aMeltzer, Marilyn,
_d1947-
245 1 0 _aReading and study strategies for nursing students /
_cMarilyn Meltzer, Susan Marcus Palau.
260 _aPhiladelphia :
_bW.B. Saunders Co.,
_cc1993.
300 _axi, 321 p. :
_bill. ;
_c28 cm.
504 _aIncludes bibliographical references (p. 287) and index.
650 0 _aNursing
_xStudy and teaching.
650 0 _aStudy skills.
650 2 _aEducation, Nursing.
650 2 _aLearning
_xnurses' instruction.
650 2 _aReading
_xnurses' instruction.
700 1 _aPalau, Susan Marcus.
906 _a7
_bcbc
_corignew
_d1
_eocip
_f19
_gy-gencatlg
942 _2lcc
_cBOOKS
_hRT 73 .M39 1993